Biggest Cities in Austria-Hungary - Statistics

General Stats
  • This quiz has been taken 119 times
    118 since last reset
  • The average score is 16 of 22
Answer Stats
Population City Country % Correct
1.752.286 Budapest Hungary
100%
1.840.573 Vienna Austria
100%
1.308.632 Prague Czech Republic
99%
688.163 Zagreb Croatia
97%
432.864 Bratislava Slovakia
96%
774.839 Kraków Poland
92%
380.681 Brno Czech Republic
91%
280.310 Ljubljana Slovenia
91%
275.524 Sarajevo Bosnia and Herzegovina
90%
273.838 Graz Austria
89%
724.713 Lviv Ukraine
86%
204.267 Trieste Italy
81%
324.576 Cluj-Napoca Romania
79%
201.432 Debrecen Hungary
74%
277.522 Novi Sad Serbia
68%
238.757 Košice Slovakia
64%
289.128 Ostrava Czech Republic
63%
319.279 Timișoara Romania
58%
253.200 Brașov Romania
34%
236.602 Ivano-Frankivsk Ukraine
27%
227.755 Ternopil Ukraine
23%
266.533 Chernivtsi Ukraine
22%
No matching quizzes found
Score Distribution
Percent of People with Each Score
Percentile by Number Answered
Your Score History
You have not taken this quiz since the last reset